000 00485nam a2200181Ia 4500
008 090124s9999 xx 000 0 und d
082 _b39674
100 _aMACMILLAN HAROLD
245 _aAUTO BIOGRAPHY OF UNKNOWN INDIAN
250 _a1
260 _bJAICO PUBLISHING HOUSE
_c1966
300 _a524
600 _aMACMILLAN HAROLD
630 _aAUTO BIOGRAPHY OF UNKNOWN INDIAN
700 _aMACMILLAN HAROLD
730 _aAUTO BIOGRAPHY OF UNKNOWN INDIAN
942 _cBOOK
999 _c105812
_d105812